Los niños anormales y su tratamiento educativo en la casa y en la escuela : (Record no. 49863)

MARC details
000 -CABECERA
campo de control de longitud fija 01107nam a2200253 a 4500
003 - IDENTIFICADOR DEL NÚMERO DE CONTROL
campo de control MX-MxUPN
005 - FECHA Y HORA DE LA ÚLTIMA TRANSACCIÓN
campo de control 20241001063948.0
008 - ELEMENTOS DE LONGITUD FIJA--INFORMACIÓN GENERAL
campo de control de longitud fija 991125s1918 es 000 0 spa u
035 ## - NÚMERO DE CONTROL DEL SISTEMA
Número de control de sistema UPN01000049863
040 ## - FUENTE DE LA CATALOGACIÓN
Centro catalogador/agencia de origen MX-MxUPN
Lengua de catalogación spa
Centro/agencia transcriptor MX-MxUPN
041 1# - CÓDIGO DE IDIOMA
Código de lengua del texto/banda sonora o título independiente spa
Código de lengua original ger
050 14 - SIGNATURA TOPOGRÁFICA DE LA BIBLIOTECA DEL CONGRESO
Número de clasificación LC4601
Número de documento/Ítem D468 1918
100 1# - ASIENTO PRINCIPAL--NOMBRE PERSONAL
Nombre de persona Demoor, Jean,
Fechas asociadas al nombre 1867-1941
9 (RLIN) 30721
245 14 - MENCIÓN DE TÍTULO
Título Los niños anormales y su tratamiento educativo en la casa y en la escuela :
Resto del título psiquiatría infantil /
Mención de responsabilidad, etc. Juan Demoor ; traducción directa del alemán por María del Pilar Oñate.
260 ## - PUBLICACIÓN, DISTRIBUCIÓN, ETC.
Lugar de publicación, distribución, etc. Madrid :
Nombre del editor, distribuidor, etc. Francisco Beltrán,
Fecha de publicación, distribución, etc. 1918.
300 ## - DESCRIPCIÓN FÍSICA
Extensión 261 páginas ;
Dimensiones 22 cm.
490 1# - MENCIÓN DE SERIE
Mención de serie Actualidades pedagógicas. Biblioteca moderna de filosofía y ciencias sociales
650 #4 - ASIENTO SECUNDARIO DE MATERIA - TERMINO TEMATICO
Término de materia o nombre geográfico como elemento de entrada Niños con discapacidad mental
Subdivisión general Educación
9 (RLIN) 3028
650 #4 - ASIENTO SECUNDARIO DE MATERIA - TERMINO TEMATICO
Término de materia o nombre geográfico como elemento de entrada Psiquiatría infantil
9 (RLIN) 9358
700 1# - ASIENTO SECUNDARIO--NOMBRE DE PERSONAL
Nombre de persona Oñate, María del Pilar
Término indicativo de función/relación traducción
710 2# - ASIENTO SECUNDARIO - NOMBRE CORPORATIVO
Nombre de entidad corporativa o nombre de jurisdicción como elemento de entrada Instituto Nacional de Investigación Educativa (México)
Término indicativo de función/relación propietario anterior
9 (RLIN) 28086
830 #0 - ASIENTO SECUNDARIO DE SERIE--TITULO UNIFORME
Título uniforme Actualidades pedagógicas.
Nombre de parte o sección de la obra Biblioteca moderna de filosofía y ciencias sociales
942 ## - ELEMENTOS DE PUNTO DE ACCESO ADICIONAL (KOHA)
Fuente del sistema de clasificación o colocación Library of Congress Classification
Tipo de ítem Koha Libro
Holdings
Estado de retiro Estado de pérdida Fuente del sistema de clasificación o colocación Estado dañado No para préstamo Código de colección Localización permanente Ubicación/localización actual Ubicación en estantería Fecha de adquisición Clasificación Código de barras Fecha visto por última vez Tipo de ítem Koha Nota pública
    Library of Congress Classification   En proceso Fondo Reservado de libros Bib. Gregorio Torres Quintero Bib. Gregorio Torres Quintero Sala de Fondos Reservados Planta alta 13/09/2022 LC4601 D4.68 2421 31/12/2020 Libro Ejemplar con sello de la Biblioteca del Instituto Nacional de Investigación Educativa